Conflictos colectivos del trabajo

Salvato in:
Dettagli Bibliografici
Autore principale: Ruprecht, Alfredo J (Autore)
Natura: Libro
Lingua:spagnolo
Pubblicazione: Buenos Aires Abeledo-Perrot 1967
Soggetti:
Tags: Aggiungi Tag
Nessun Tag, puoi essere il primo ad aggiungerne!!

MARC

LEADER 00000nam a2200000 a 4500
001 UCS2726
003 CL-VaPUC
008 970604e19670000AG |||||||||||||||||spa|d
082 0 4 |a 331.892  |b RUP  |2 21 
100 0 |a Ruprecht, Alfredo J  |e author  |9 388483 
245 1 0 |a Conflictos colectivos del trabajo 
300 |a 500 p 
942 |c BK 
945 |d 19970604 00:00:00  |a lriquelm 
260 |a Buenos Aires  |b Abeledo-Perrot  |c 1967 
650 7 |a CONFLICTO LABORAL  |2 CL-VaPUC  |9 354657 
650 0 |a Relaciones laborales   |9 335971 
650 7 |a HUELGAS  |2 CL-VaPUC  |9 255320 
650 0 |a Evolución  |9 259442 
650 0 |a Negociación colectiva  |9 312433 
650 0 |a Arbitraje  |x Derecho laboral  |9 388484 
651 0 |a Argentina  |9 254888 
583 |a last modification  |c 20190801 07:54:50  |k Rodrigo Vera 
999 |c 260664  |d 260662 
952 |0 0  |1 0  |4 0  |6 331_892000000000000_RUP_1967  |7 0  |8 A  |9 286941  |a BIBDER  |b BIBDER  |d 2019-11-19  |i 186355K  |o 331.892 RUP 1967  |p 186355K  |r 2023-01-25  |w 2019-11-19  |y BK  |k DER